MARC

LEADER 00000nam0a2200000 4500
001 166532
005 20231031162519.0
010 |a 5376002446 
035 |a (RuTPU)RU\TPU\book\180643 
090 |a 166532 
100 |a 20091003d1989 km y0rusy50 ca 
101 0 |a rus 
102 |a MD 
105 |a y z 000zy 
200 1 |a Образ жизни: тенденции, противоречия, проблемы  |f Академия наук СССР (АН СССР), Институт социологии (ИС) ; Академия наук Молдавской ССР (АН МССР); под ред. А. И. Тимуша 
210 |a Кишинев  |c Штиинца  |d 1989 
215 |a 218 с. 
610 1 |a советский образ жизни 
610 1 |a тенденции 
610 1 |a противоречия 
610 1 |a проблемы 
610 1 |a социально-экономические аспекты 
610 1 |a духовные аспекты 
610 1 |a межнациональные отношения 
686 |a Ф3(2)6  |v LBC/SL-A  |2 rubbk 
686 |a А81  |v LBC/SL-A  |2 rubbk 
702 1 |a Тимуш  |b А. И.  |g Андрей Иванович  |4 340 
712 0 2 |a Академия наук СССР (АН СССР)  |b Институт социологии (ИС)  |c (Москва)  |c (1988-1991)  |2 stltpush  |3 (RuTPU)RU\TPU\col\961 
712 0 2 |a Академия наук Молдавской ССР (АН МССР)  |2 stltpush  |3 (RuTPU)RU\TPU\col\85 
801 1 |a RU  |b 63413507  |c 20091003 
801 2 |a RU  |b 63413507  |c 20100208  |g RCR 
942 |c BK